000 00873nab a2200253 u 4500
001 17006
003 HDC
007 cr bn ---aaaaa
008 210222c20110214xx dr|noo 0 a eng d
040 _aHDC
100 _aNoor Adila Ali
_eauthor
_916594
245 0 _aMalaysia: A New Business Platform For Halal Product Industry / by
_cNoor Adila Ali
260 _a[No place] :
_b[publisher not identified],
_c2011
336 _atext
_2rdacontent
337 _acomputer
_2rdamedia
338 _aonline resource
_2rdacarrier
650 _abusiness platform
_916595
650 _aHalal Product Industry
_915366
710 _aHalal Focus
856 _zRequest full-text at [email protected]
942 _2lcc
942 _cNEWS
942 _kNWSO 005825
999 _c14322
_d14322